Simón, Simón / (Registro nro. 10198)

Detalles MARC
000 -LIDER
fixed length control field 00868nam a2200313 b 4500
001 - NÚMERO DE CONTROL
Identificador de número de control 001699
003 - IDENTIFICACDOR DE NÚMERO DE CONTROL
control field DO-SdBNP
005 - DATE AND TIME OF LATEST TRANSACTION
control field 20180221153043.0
007 - CAMPOS FIJOS DE DESCRIPCIÓN FÍSICA
fixed length control field 001699
008 - ELEMENTOS DE LONGITUD FIJA
fixed length control field 010821s2001 sp | ||| ||spa
016 7# - NO. DE CONTROL DE LA AGENCIA BIB. NACIONAL
Record control number
Source BPMSU
017 ## - NÚMERO DE REGISTRO DE DERECHOS DE AUTOR
Copyright or legal deposit number
Assigning agency
020 ## - ISBN
International Standard Book Number 8421611097
035 ## - NÚMERO LOCAL
System control number
040 ## - FUENTE DE CATALOGACIÓN
Agencia que crea de manera original el registro BPMSU
Idioma de catalogación spa
Agencia que realiza la transcripción BPMSU
Convenciones de la despripción
080 #0 - NÚMERO DE CLASIFICACIÓN DECIMAL UNIVERSAL
Universal Decimal Classification number
100 1# - ASIENTO PRINCIPAL -- NOMBRE PERSONAL
Nombre personal Sanjuán, Emilio
Fechas asociadas con el nombre 1948-
245 10 - MENCIÓN DE TITULO
Título Simón, Simón /
Medio (Designación general de material)
Mención de responsabilidad Emilio Sanjuán ; ilustración, Javier Zabala ; taller de lectura, Antonio-Manuel Fabregat
250 ## - MENCIÓN DE EDICION
Mención de edición 16ª ed.
260 ## - PUBLICACIÓN, DISTRIBUCIÓN, ETC. (PIE DE IMPRENTA)
Lugar de publicación, distribución, etc Madrid :
Nombre del editor, distribuidor, etc. Bruño,
Fecha de publicación, distribución, etc 2001
300 ## - DESCRIPCIÓN FÍSICA
Extensión 113 p.:
Otros detalles físicos il.;
Dimensiones 19 cm
490 ## - MENCIÓN DE SERIES
Mención de serie Altamar
700 1# - ASIENTO SECUNDARIO -- NOMBRE PERSONAL
Nombre personal Zabala, Javier
Fechas asociadas con el nombre 1962-
700 1# - ASIENTO SECUNDARIO -- NOMBRE PERSONAL
Nombre personal Fabregat, Antonio-Manuel
Fechas asociadas con el nombre 1936-
830 ## - ASIENTO SECUNDARIO DE SERIE--TÍTULO UNIFORME
Título uniforme Altamar
942 ## - ADDED ENTRY ELEMENTS (KOHA)
Source of classification or shelving scheme Dewey Decimal Classification
Koha item type Libros
945 ## - INFORMACIÓN DE PROCESAMIENTO LOCAL
Información de procesamiento local Inventariado, 2018 / BT
956 ## - LOCAL ELECTRONIC LOCATION AND ACCESS (OCLC)
Nombre de host VMATEO
Número de acceso 10
Información de compresión 20160523
Trayectoria BPMSU
Nombre Electrónico 0069
Existencias
Withdrawn status Lost status Source of classification or shelving scheme Damaged status Not for loan Collection code Home library Current library Date acquired Source of acquisition Total Checkouts Barcode Date last seen Price effective from Koha item type
    Dewey Decimal Classification     Colección Infantil General Biblioteca Pública Metropolitana Salomé Ureña Biblioteca Pública Metropolitana Salomé Ureña 05/23/2016 FUNDI   BPMSU16050424 05/23/2016 05/23/2016 Libros